000 00443nam a2200181Ia 4500
001 8244
003 IN-NITTTR
005 20251114233036.0
008 251113s9999||||xx |||||||||||||| ||eng||
040 _beng
040 _cIN-NITTTR
041 _aeng
082 _a519.5 A83A
100 _aAsthana, B. N.
245 0 _aApplied statistics of India. /
_cAsthana, B. N., Srivastava, S. S.
700 _a Srivastava, S. S.
942 _2ddc
_cBK
999 _c10882
_d10882